00563nam a2200169Ia 4500008004100000020001500041041001200056082001600068100001500084245003700099260003600136300001000172650001600182942000700198999001500205952017300220221030s9999 xx 000 0 und d a8189757296 aEnglish a105.23bSon aK. M. Soni 0aSignals & Systemscby K. M. Soni bS.K Kataria & SonsaDelhic2006 a11.25 aBE Computer cBK c3799d3799 pBE 9063g175.00l0o105.23 Sonr2024-06-13 00:00:00w2022-10-30yBK003Print4070aMIETLIBbMIETLIBcBL-Academic Block - C, FL-2, CUP-50, SH-4, R-3d2006-12-0210HBE